Central Library OPAC University of Rajshahi

Physics of high temperature plasmas : (Record no. 9075)

MARC details
000 -LEADER
fixed length control field 00697nam a22002411 4500
001 - CONTROL NUMBER
control field 9075
003 - CONTROL NUMBER IDENTIFIER
rucl marc code BD-RjUL
005 - DATE AND TIME OF LATEST TRANSACTION
control field 20211208234719.0
008 - FIXED-LENGTH DATA ELEMENTS--GENERAL INFORMATION
fixed length control field 140120s1966 nyua b 001 0 eng d
035 ## - SYSTEM CONTROL NUMBER
System control number (BD-RjUL)9120
040 ## - CATALOGING SOURCE
Original cataloging agency DLC/ICU
Transcribing agency ICU
Modifying agency DLC
-- BD-RjUL
Language of cataloging eng
041 ## - LANGUAGE CODE
Language code of text/sound track or separate title eng
082 00 - DEWEY DECIMAL CLASSIFICATION NUMBER
Classification number 537.16
Author mark and year SCP 1966
100 1# - MAIN ENTRY--PERSONAL NAME
Personal name Schmidt, George,
Dates associated with a name 1926-
9 (RLIN) 28174
245 10 - TITLE STATEMENT
Title Physics of high temperature plasmas :
Remainder of title an introduction /
260 ## - PUBLICATION, DISTRIBUTION, ETC. (IMPRINT)
Place of publication, distribution, etc. New York;
-- London :
Name of publisher, distributor, etc. Academic Press ,
Date of publication, distribution, etc. c1966
300 ## - PHYSICAL DESCRIPTION
Pagination ix, 340 p.
Illustrations illus.
Size 23 cm.
504 ## - BIBLIOGRAPHY, ETC. NOTE
Bibliography, etc Includes bibliographies.
650 #0 - SUBJECT ADDED ENTRY--TOPICAL TERM
Topical term or geographic name as entry element High temperature plasmas.
9 (RLIN) 28175
942 ## - ADDED ENTRY ELEMENTS (KOHA)
Source of classification or shelving scheme Dewey Decimal Classification
Koha item type Books
Holdings
Lost status Source of classification or shelving scheme Damaged status Not for loan Collection code Permanent Location Current Location Shelving location Date acquired Source of acquisition Cost, normal purchase price Total Checkouts Full call number Date last seen Copy number Koha item type
  Dewey Decimal Classification   Not For Loan Non-fiction Central Library, University of Rajshahi Central Library, University of Rajshahi   20/11/1968 Zeitlinger 123.00   537.16 SCP 1966 20/01/2014 C-1 Books
  Dewey Decimal Classification     Non-fiction Central Library, University of Rajshahi Central Library, University of Rajshahi   20/11/1968 Zeithlinger.     537.16 SCP 1966 09/05/2017 C-2 Books